<?xml version="1.0" encoding="UTF-8"?>
<record
    xmlns:xsi="http://www.w3.org/2001/XMLSchema-instance"
    xsi:schemaLocation="http://www.loc.gov/MARC21/slim http://www.loc.gov/standards/marcxml/schema/MARC21slim.xsd"
    xmlns="http://www.loc.gov/MARC21/slim">

  <leader>00383nam a22001577a 4500</leader>
  <controlfield tag="003">OSt</controlfield>
  <controlfield tag="008">240403b        |||||||| |||| 00| 0 eng d</controlfield>
  <datafield tag="020" ind1=" " ind2=" ">
    <subfield code="a">9788121943017</subfield>
  </datafield>
  <datafield tag="100" ind1=" " ind2=" ">
    <subfield code="a">GUPTA, C.B</subfield>
  </datafield>
  <datafield tag="245" ind1=" " ind2=" ">
    <subfield code="a">TEXTBOOK OF ORGANISATIONAL BEHAVIOUR</subfield>
  </datafield>
  <datafield tag="250" ind1=" " ind2=" ">
    <subfield code="a">1st</subfield>
  </datafield>
  <datafield tag="260" ind1=" " ind2=" ">
    <subfield code="a">New Delhi</subfield>
    <subfield code="b">S.Chand</subfield>
    <subfield code="c">2023</subfield>
  </datafield>
  <datafield tag="300" ind1=" " ind2=" ">
    <subfield code="a">xxii,306</subfield>
  </datafield>
  <datafield tag="650" ind1=" " ind2=" ">
    <subfield code="a">PHARMACY GENERAL BOOKS</subfield>
  </datafield>
  <datafield tag="942" ind1=" " ind2=" ">
    <subfield code="2">ddc</subfield>
    <subfield code="c">BK</subfield>
  </datafield>
  <datafield tag="999" ind1=" " ind2=" ">
    <subfield code="c">12384</subfield>
    <subfield code="d">12384</subfield>
  </datafield>
  <datafield tag="952" ind1=" " ind2=" ">
    <subfield code="0">0</subfield>
    <subfield code="1">0</subfield>
    <subfield code="2">ddc</subfield>
    <subfield code="4">0</subfield>
    <subfield code="7">0</subfield>
    <subfield code="8">BP</subfield>
    <subfield code="a">PIET</subfield>
    <subfield code="b">PIET</subfield>
    <subfield code="d">2024-04-02</subfield>
    <subfield code="e">ZAFAA BOOKS </subfield>
    <subfield code="f">RUPEES</subfield>
    <subfield code="g">295.00</subfield>
    <subfield code="k">ZBDO459</subfield>
    <subfield code="l">0</subfield>
    <subfield code="o">658.5 GUT</subfield>
    <subfield code="p">BP2447</subfield>
    <subfield code="r">2024-04-03 00:00:00</subfield>
    <subfield code="v">206.50</subfield>
    <subfield code="w">2024-03-23</subfield>
    <subfield code="y">REF</subfield>
  </datafield>
  <datafield tag="952" ind1=" " ind2=" ">
    <subfield code="0">0</subfield>
    <subfield code="1">0</subfield>
    <subfield code="2">ddc</subfield>
    <subfield code="4">0</subfield>
    <subfield code="7">0</subfield>
    <subfield code="8">BP</subfield>
    <subfield code="a">PIET</subfield>
    <subfield code="b">PIET</subfield>
    <subfield code="d">2024-04-02</subfield>
    <subfield code="e">ZAFAA BOOKS </subfield>
    <subfield code="f">RUPEES</subfield>
    <subfield code="g">295.00</subfield>
    <subfield code="k">ZBDO459</subfield>
    <subfield code="l">0</subfield>
    <subfield code="o">658.5 GUT</subfield>
    <subfield code="p">BP2448</subfield>
    <subfield code="r">2024-04-03 00:00:00</subfield>
    <subfield code="v">206.50</subfield>
    <subfield code="w">2024-03-23</subfield>
    <subfield code="y">BK</subfield>
  </datafield>
  <datafield tag="952" ind1=" " ind2=" ">
    <subfield code="0">0</subfield>
    <subfield code="1">0</subfield>
    <subfield code="2">ddc</subfield>
    <subfield code="4">0</subfield>
    <subfield code="7">0</subfield>
    <subfield code="8">BP</subfield>
    <subfield code="a">PIET</subfield>
    <subfield code="b">PIET</subfield>
    <subfield code="d">2024-04-02</subfield>
    <subfield code="e">ZAFAA BOOKS </subfield>
    <subfield code="f">RUPEES</subfield>
    <subfield code="g">295.00</subfield>
    <subfield code="k">ZBDO459</subfield>
    <subfield code="l">0</subfield>
    <subfield code="o">658.5 GUT</subfield>
    <subfield code="p">BP2449</subfield>
    <subfield code="r">2024-04-03 00:00:00</subfield>
    <subfield code="v">206.50</subfield>
    <subfield code="w">2024-03-23</subfield>
    <subfield code="y">BK</subfield>
  </datafield>
</record>
